| 000 | 01352nam a2200385 i 4500 | ||
|---|---|---|---|
| 001 | 47593 | ||
| 003 | ES-MaCES | ||
| 005 | 20220408040013.0 | ||
| 008 | 160503s2016 sp 100 | spa d | ||
| 017 |
_aV 74-2016 _bDL |
||
| 020 | _a97884919193685 | ||
| 040 |
_aES-MaCES _bspa _cES-MaCES |
||
| 100 | 1 |
_934720 _aTodolí Signes, Adrián |
|
| 245 | 1 | 0 |
_aSalario y productividad _b: un análisis jurídico-económico de los complementos salariales variables vinculados a la productividad y a los resultados de la empresa _cAdrián Todolí Signes |
| 260 |
_aValencia _bTirant lo Blanch _c2016 |
||
| 300 |
_a461 p. _c22 cm |
||
| 490 | 1 |
_aTirant monografías _v1028 |
|
| 504 | _aBibliografía: p. 429-461 | ||
| 541 | 0 | _cCompra | |
| 650 | 4 |
_asalario _928387 |
|
| 650 | 4 |
_aestructura de los salarios _928393 |
|
| 650 | 4 |
_asistema de remuneración _928390 |
|
| 650 | 4 |
_aproductividad _928259 |
|
| 650 | 4 |
_aproductividad del trabajo _928214 |
|
| 650 | 4 |
_aparticipación en los beneficios _928385 |
|
| 650 | 4 |
_aremuneración según rendimiento _930594 |
|
| 650 | 4 |
_aparticipación obrera por acciones _928394 |
|
| 650 | 4 |
_aEspaña _926964 |
|
| 650 | 4 |
_aanálisis económico _927070 |
|
| 650 | 4 |
_arégimen jurídico _929894 |
|
| 653 | 1 | 0 | _aEmpleo |
| 830 | 0 |
_aTirant monografías _v1028 _932480 |
|
| 902 | _aLIB Libro | ||
| 942 |
_2CES _cBK _h2.1. |
||
| 999 |
_c47593 _d47593 |
||